000 00578nam a2200217Ia 4500
005 20250123044255.0
008 240331s9999 xx 000 0 und d
020 _a041591518X
082 _bTUR
_22436
_a305.4
245 4 _aThe Gendered New World Order:
_bMilitarism, Development, and the Environment
260 _aNew York
_aLondon
_bRoutledge
_c1996
300 _avii, 247 p.,
650 _aGender
650 _aDevelopment
650 _aEnvironment
650 _aFeminism
650 _aWomen
700 _aTurpin, J
_eedt
700 _aLorentzen, L. A
_eedt
942 _cL
999 _c1653
_d1653